Länder mit der niedrigsten Fettleibigkeitsrate - Statistiken

Allgemein
  • Dieses Quiz wurde 84 mal gespielt
  • Das Durchschnittsergebnis liegt bei 10 aus 20
Antwortstatistiken
% Land % Korrekt
5,5 Japan
89%
7,3 Südkorea
74%
7,3 Indien
70%
6,6 Demokratische Republik Kongo
68%
6,0 Niger
68%
2,8 Äthiopien
61%
2,0 Vietnam
58%
5,3 Bangladesch
54%
7,0 Nepal
53%
6,7 Tschad
53%
4,8 Eritrea
51%
4,4 Kambodscha
45%
7,4 Myanmar
42%
4,3 Madagaskar
39%
6,7 Burkina Faso
33%
7,7 Malawi
32%
2,4 Osttimor
32%
4,9 Ruanda
30%
5,0 Burundi
26%
7,1 Sierra Leone
21%
Keine übereinstimmenden Quizze gefunden
Verteilung der Resultate
Anzahl Personen mit jedem Resultat
Perzentil nach korrekt beantworteten Fragen
Ihre Resultats-Entwicklung
Sie haben dieses Quiz noch nicht gespielt